000 00794nam a2200289Ia 4500
001 76924
003 IT-RoPAU
008 130308s9999 xx 000 0 und d
040 _aIT-RoPAU
040 _cIT-RoPAU
041 _aITALIANO
100 _aGorkij Maksim
100 _gCodice Aut. SPICS: 12121
245 _aScena per un'improvvisazione
245 _bTeatro Possibile (Il)-Stanislavskij e Il Primo Studio del Teatro d'arte di Mosca
250 _a1a ed.
260 _aFIRENZE
260 _bLa Casa Usher
260 _c1989 [1° Ed.:1989 - Ed.Ling.Originale:1972]
300 _a"3 p. (prefazione: no ; testo: 3 [pagine: 123-125])"
650 _aTEORICHE TEATRALI
650 _eCodice materia Spics: 8405
942 _cBK
957 _71
999 _c61465
_d61465
999 _bSI
999 _g1